• 首页
  • 本馆介绍
  • 公告通知
  • 最新文献
  • 馆藏检索
  • 电子资源
  • 读者导购
  • 参考咨询
  • 我的图书馆
  • 登录
  • 详细信息显示
  • 放入我的书架
  • 预约/预借图书
  • 作者相关作品
  • 分类相关作品
  • 丛书相关作品
  • 出版社相关作品

书目信息

  • 表格格式
  • 工作单格式
  • 卡片格式
题名:
煤化学
    
 
作者: 朱银惠 主编
分册:  
出版信息: 北京   化学工业出版社  2005
页数: 242页
开本: 26cm
丛书名:
单 册:
中图分类: TQ530
科图分类:
主题词: 煤--应用化学--高等教育--教材 , 煤 , 应用化学
电子资源:
ISBN: 7-5025-5747-4
000 00838nam0 2200277 450
001 002837350
005 20070720105310.92
010    @a7-5025-5747-4@dCNY28.00
035    @a002837350
100    @a20050221e20062005em y0chiy0110 ea
101 0  @achi
102    @aCN@b110000
105    @ay z 000yy
106    @ar
200 1  @a煤化学@Amei hua xue@f朱银惠主编@Fzhu yin hui zhu bian
210    @a北京@c化学工业出版社@d2005@h2006重印
215    @a242页@d26cm
300    @a教育部高职高专规划教材
330    @a本书系统地叙述了煤的特征和生成、工业分析、元素分析、煤的有机质的结构、工艺性质、煤炭分类及煤质评价、煤的综合利用等内容。
606 0  @a煤@x应用化学@x高等教育@j教材
606 0  @a煤
606 0  @a应用化学
690    @aTQ530@v4
701  0 @a朱银惠@Azhu yin hui@4主编
801  0 @aCN@bNLC@c20070720
905    @dTQ530@e23@f5
    
    煤化学/朱银惠主编.-北京:化学工业出版社,2005(2006重印)
    242页;26cm
    教育部高职高专规划教材
    
    ISBN 7-5025-5747-4:CNY28.00
    本书系统地叙述了煤的特征和生成、工业分析、元素分析、煤的有机质的结构、工艺性质、煤炭分类及煤质评价、煤的综合利用等内容。
●
相关链接 在E读中查询图书 在五车中查询图书 在当当中查询图书 在豆瓣中查询图书


正题名:煤化学     索取号:TQ530/23         预约/预借

序号 登录号 条形码 馆藏地/架位号 状态 备注
1 0850232   208502324   第二样本阅览室/ [索取号:TQ530/23] 在馆    
2 0850233   208502333   第三借阅区/ [索取号:TQ530/23] 在馆    
3 0850234   208502342   第三借阅区/ [索取号:TQ530/23] 在馆    
4 0850235   208502351   第三借阅区/ [索取号:TQ530/23] 在馆    
5 0850236   208502360   第三借阅区/ [索取号:TQ530/23] 在馆    
唐山师范学院图书馆 欢迎您!
大连网信软件有限公司© 版权所有